000 00622nam a2200241Ia 4500
003 OSt
005 20221007101242.0
006 a|||||r|||| 00| 0
007 ta
008 221006b |||||||| |||| 00| 0 eng d
024 _a6,111
037 _cTextual
040 _aLCO
_cLCO
_beng
041 _2eng
_aeng
082 _aZ2,8,53q N61, L3
100 _aDAS R
_9214389
245 0 _aThe Advocates Act, 1961
260 _aCuttack
_bCuttack Law Times
_c1973
300 _aVarious
650 _aADVOCATES ACT
_9700889
942 _hZ2,8,53q N61, L3
_cTEXL
999 _c1175674
_d1175674